header

Matchmoving (Record no. 95574)

MARC details
000 -LEADER
fixed length control field 01277nam a2200337Ia 4500
082 04 - DEWEY DECIMAL CLASSIFICATION NUMBER
Classification number 776.6
100 1# - MAIN ENTRY--AUTHOR NAME
Personal name Dobbert, Tim.
245 10 - TITLE STATEMENT
Title Matchmoving
260 ## - PUBLICATION, DISTRIBUTION, ETC. (IMPRINT)
Place of publication San Francisco, Calif. ;
-- London :
Name of publisher SYBEX,
Year of publication c2005.
300 ## - PHYSICAL DESCRIPTION
Number of Pages xiii, 304 p.
650 #0 - SUBJECT ADDED ENTRY--TOPICAL TERM
Topical Term Cinematography.
Topical Term Image processing
Topical Term Motion pictures
Topical Term Animation (Cinematography)
Topical Term Computer animation.
856 40 - ELECTRONIC LOCATION AND ACCESS
Uniform Resource Identifier http://site.ebrary.com/lib/rucke/Doc?id=10152568

No items available.

© 2026 Rongo University
Contact us: librarian | system librarian | Rongo university